| 000 | 00000nam 2200000zi 4500 |
| 001 | 9.932904 |
| 003 | CaOODSP |
| 005 | 20250506145325 |
| 006 | m o d f |
| 007 | cr mn||||||||| |
| 008 | 240125s1979 oncbd o f000 0 eng d |
| 040 | |aCaOODSP|beng|erda|cCaOODSP |
| 043 | |an-cn--- |
| 086 | 1 |aC2-667/1979E-PDF |
| 245 | 00|aProcessed fruit and vegetable products : |bworking paper. |
| 264 | 1|a[Ottawa] : |bAgriculture Canada, Industry, Trade and Commerce, |c[1979] |
| 300 | |a1 online resource (1 volume (various pagings)) : |bmaps, graphs |
| 336 | |atext|btxt|2rdacontent |
| 337 | |acomputer|bc|2rdamedia |
| 338 | |aonline resource|bcr|2rdacarrier |
| 500 | |aDigitized edition from print [produced by Innovation, Science and Economic Development Canada]. |
| 500 | |aIssued also in French under title: Fruits et légumes traités : document de travail. |
| 500 | |a"A working paper prepared for the Export Market Development Task Force." |
| 650 | 0|aProcessed foods|zCanada. |
| 710 | 1 |aCanada. |bIndustry, Trade and Commerce, |eissuing body. |
| 710 | 1 |aCanada.|bAgriculture Canada, |eissuing body. |
| 775 | 08|tFruits et légumes traités : |w(CaOODSP)9.945393 |
| 856 | 40|qPDF|s1.11 MB|uhttps://publications.gc.ca/collections/collection_2024/isde-ised/c2/C2-667-1979-eng.pdf |